| 000 | 01995cas a2200505 4500 | ||
|---|---|---|---|
| 001 | data | ||
| 005 | 20260322212101.0 | ||
| 008 | data | ||
| 035 | _a11144233 | ||
| 906 |
_a7 _bcbc _cserials _d3 _encip _f19 _gn-oclcserc |
||
| 010 | _a 49036392 | ||
| 016 | 7 |
_a29011240R _2DNLM |
|
| 016 | 7 |
_aA41955000 _2DNLM |
|
| 035 | _a(OCoLC)1766078 | ||
| 040 |
_aDLC _beng _cMUL _dOCLCA _dIUL _dDLC _dSER _dDLC _dNLM _dOCL _dNYG _dNSD _dNST _dOCLCQ _dGUA _dOCLCQ _dWAU _dOCLCA _dOCLCF _dOCLCO _dOCLCQ _dMNU _dOCLCO _dOCLCA |
||
| 042 | _apcc | ||
| 050 | 0 | 0 |
_aR108 _b.A18 |
| 060 | 0 | 0 |
_aWA 24 _bA228a |
| 082 | 0 |
_a610/.99423 _219 |
|
| 110 | 2 |
_aInstitute of Medical and Veterinary Science (S.A.). _bCouncil. |
|
| 245 | 1 | 0 | _aAnnual report of the Council - Institute of Medical and Veterinary Science. |
| 260 |
_a[Adelaide] _bInstitute of Medical and Veterinary Science. |
||
| 300 |
_a39 volumes _c25 cm |
||
| 310 | _aAnnual | ||
| 336 |
_atext _btxt _2rdacontent |
||
| 337 |
_aunmediated _bn _2rdamedia |
||
| 338 |
_avolume _bnc _2rdacarrier |
||
| 362 | 0 | _a1st-39th; 1938/39-1976/77. | |
| 515 | _aReport year ends June 30. | ||
| 590 | _aSERBIB/SERLOC merged record | ||
| 650 | 0 |
_aMedicine _vPeriodicals. |
|
| 650 | 0 |
_aVeterinary medicine _vPeriodicals. |
|
| 650 | 2 | _aMedicine. | |
| 650 | 2 | _aVeterinary Medicine. | |
| 650 | 7 |
_aMedicine. _2fast _0(OCoLC)fst01014893 |
|
| 650 | 7 |
_aVeterinary medicine. _2fast _0(OCoLC)fst01165977 |
|
| 655 | 7 |
_aPeriodicals. _2fast _0(OCoLC)fst01411641 |
|
| 776 | 0 | 8 |
_iOnline version: _aInstitute of Medical and Veterinary Science (S.A.). Council. _tAnnual report of the Council - Institute of Medical and Veterinary Science _w(OCoLC)982380135 |
| 785 | 0 | 0 |
_aInstitute of Medical and Veterinary Science (S.A.). Council. _tAnnual report _x0159-2254 _w(OCoLC)10648729 _w(OCoLC)10648729 |
| 890 |
_aAdelaide. Institute of Medical and Veterinary Science. Report. _i49-36392/R81 |
||
| 920 | _aKeep 1 | ||
| 991 |
_bc-GenColl _hR108 _i.A18 _wSERIALS |
||
| 992 |
_bB/L _wSERLOC |
||
| 999 |
_c1462 _d1462 |
||